000 00457nam a2200193 a 4500
001 1758091731372
003 ACL
005 20250917122059.0
008 250917s1991##################000#0#eng##
020 _a9780671704278
082 0 4 _a791.4572
_bSTE
100 1 _aSternbach, Rick,
_eauthor.
245 1 0 _aTechnical Manual :
260 _bStar Trek,
_c1991.
300 _a200 pages
650 0 _aFiction.
942 _cENGLISH
040 _aACL
_beng
_cACL
999 _c587635
_d587635